00407 2200157 4500001002100000005001500021035002000036245007200056100001700128250000600145300001600151260003400167082001200201084001800213020001800231INLIS00000000000003020260406020615 a0010-04260000301 aSholat Jamaah Yuk :bYang Rame-Rame Lebih Asyik Loh /cRahmat Fikri0 aRahmat Fikri a1 a211 :bIlus aYogyakarta :bde TEENS,c2014 a297.382 a297.382 RAH s a9786022790914